000 00811cam a2200265 a 4500
001 297
003 BR-CuiBMT
005 20231114223711.0
008 230927s2013 mgb 000 0 por d
020 _a9788577007974
040 _aBR-CuiBMT
_cBR-CuiBMT
080 _22007
_a342.92
090 _a342.92
_bG963r
100 1 _aGuimarães, Edgar
245 1 0 _aRegistro de preços :
_baspectos práticos e jurídicos /
_cEdgar Guimarães, Joel de Menezes Niebuhr.
250 _a2. ed.
260 _aBelo Horizonte :
_bFórum,
_c2013.
300 _a196 p. ;
_c22 cm
504 _aInclui bibliografia.
650 _aDireito administrativo
_xLicitações
650 _aContratações públicas
_xAtas de registro de preços
650 _aDireito público
700 1 _aNiebuhr, Joel de Menezes
942 _2udc
_cLV
999 _c297
_d297